Diccionario de la industria textil / Francisco Casa Aruta
Descripción Física:
XII, 796 p., 40 p. de làm., 14 f. de làm. : il., taules ; 26 cm
MARC
| LEADER | 00000nam a2200000Ia 4500 | ||
|---|---|---|---|
| 001 | 14343 | ||
| 008 | 160829s1969 xx 000 0 cat d | ||
| 080 | |a C-2-245 | ||
| 100 | |a Casa Aruta, Francisco |9 24262 | ||
| 245 | |a Diccionario de la industria textil / Francisco Casa Aruta | ||
| 260 | |a Barcelona [etc.] : |b Labor, |c 1969 | ||
| 300 | |a XII, 796 p., 40 p. de làm., 14 f. de làm. : |b il., taules ; |c 26 cm | ||
| 590 | |a Con 528 ilustraciones, 40 láminas fuera de texto, 14 tablas fuera de texto y otras muchas intercaladas en el mismo, además de una selección de normas UNE. | ||
| 590 | |a Bibliografia | ||
| 650 | |a Indústria tèxtil |x Diccionaris |x Castellà |9 24263 | ||
| 901 | |a Arxiu | ||
| 942 | |n 1 | ||
| 952 | |0 0 |1 0 |4 0 |6 C2245 |7 1 |9 43044 |a Arxiu |b Arxiu |d 2016-12-01 |l 0 |o C-2-245 |p 14343 |r 2016-12-01 00:00:00 |w 2016-12-01 |y ARXIU | ||
| 999 | |c 45588 |d 45588 | ||